<?xml version="1.0" encoding="UTF-8"?>
<record
    xmlns:xsi="http://www.w3.org/2001/XMLSchema-instance"
    xsi:schemaLocation="http://www.loc.gov/MARC21/slim http://www.loc.gov/standards/marcxml/schema/MARC21slim.xsd"
    xmlns="http://www.loc.gov/MARC21/slim">

  <leader>02282cam a2200349 a 4500</leader>
  <controlfield tag="003">EG-GiCUC</controlfield>
  <controlfield tag="005">20250223031719.0</controlfield>
  <controlfield tag="008">170502s2016    ua h   f m    000 0 eng d</controlfield>
  <datafield tag="040" ind1=" " ind2=" ">
    <subfield code="a">EG-GiCUC</subfield>
    <subfield code="b">eng</subfield>
    <subfield code="c">EG-GiCUC</subfield>
  </datafield>
  <datafield tag="041" ind1="0" ind2=" ">
    <subfield code="a">eng</subfield>
  </datafield>
  <datafield tag="049" ind1=" " ind2=" ">
    <subfield code="a">Deposite</subfield>
  </datafield>
  <datafield tag="097" ind1=" " ind2=" ">
    <subfield code="a">M.Sc</subfield>
  </datafield>
  <datafield tag="099" ind1=" " ind2=" ">
    <subfield code="a">Cai01.11.28.M.Sc.2016.An.I</subfield>
  </datafield>
  <datafield tag="100" ind1="0" ind2=" ">
    <subfield code="a">Andrew Nasif Tous Abdallah </subfield>
  </datafield>
  <datafield tag="245" ind1="1" ind2="0">
    <subfield code="a">Intima media thickness as an early predictor of atherosclerosis in Egyptian children with familial mediterranean fever / </subfield>
    <subfield code="c">Andrew Nasif Tous Abdallah ; Supervised Samia Salah Eldin Mahmoud , Nagwa Abdallah Ismail , Yomna Mohamed Farag</subfield>
  </datafield>
  <datafield tag="246" ind1="1" ind2="5">
    <subfield code="a">&#x633;&#x64F;&#x645;&#x643; &#x628;&#x637;&#x627;&#x646;&#x647; &#x627;&#x644;&#x637;&#x628;&#x642;&#x629; &#x627;&#x644;&#x648;&#x633;&#x637;&#x649; &#x645;&#x646; &#x627;&#x644;&#x648;&#x639;&#x627;&#x621; &#x627;&#x644;&#x62F;&#x645;&#x648;&#x649; &#x643;&#x645;&#x62A;&#x646;&#x628;&#x649;&#x621; &#x645;&#x628;&#x643;&#x631; &#x644;&#x62A;&#x635;&#x644;&#x628; &#x627;&#x644;&#x634;&#x631;&#x627;&#x64A;&#x64A;&#x646; &#x641;&#x649; &#x627;&#x644;&#x623;&#x637;&#x641;&#x627;&#x644; &#x627;&#x644;&#x645;&#x635;&#x631;&#x64A;&#x64A;&#x646; &#x627;&#x644;&#x645;&#x635;&#x627;&#x628;&#x64A;&#x646; &#x628;&#x62D;&#x645;&#x649; &#x627;&#x644;&#x628;&#x62D;&#x631; &#x627;&#x644;&#x645;&#x62A;&#x648;&#x633;&#x637;</subfield>
  </datafield>
  <datafield tag="260" ind1=" " ind2=" ">
    <subfield code="a">Cairo : </subfield>
    <subfield code="b">Andrew Nasif Tous Abdallah , </subfield>
    <subfield code="c">2016</subfield>
  </datafield>
  <datafield tag="300" ind1=" " ind2=" ">
    <subfield code="a">84 P. : </subfield>
    <subfield code="b">facsimiles ; </subfield>
    <subfield code="c">25cm</subfield>
  </datafield>
  <datafield tag="502" ind1=" " ind2=" ">
    <subfield code="a">Thesis (M.Sc.) - Cairo University - Faculty of Medicine - Department of Pediatrics</subfield>
  </datafield>
  <datafield tag="520" ind1=" " ind2=" ">
    <subfield code="a">This study is a case control study, its aim is to determine whether the carotid arterial wall thickness is a predictor of early atherosclerosis in FMFpatients compared to healthy controls. The study included 45 familial mediterranean fever patients as the cases group and 45 healthy children as the controls group. The study showed that the mean of the carotid intima media thickness is higher in the cases group (0.05) than the control group (0.04) with statistical significant difference. No correlation was found between CIMT and markers of subclinical inflammation as SAA,ESR and CRP.CIMT didn{u2019}t correlate with lipid profile. So carotid intima media thickness may be used as a tool in the prediction of any atherosclerotic burden in children with FMF</subfield>
  </datafield>
  <datafield tag="530" ind1=" " ind2=" ">
    <subfield code="a">Issued also as CD</subfield>
  </datafield>
  <datafield tag="653" ind1=" " ind2="4">
    <subfield code="a">Carotid intima media thickness</subfield>
  </datafield>
  <datafield tag="653" ind1=" " ind2="4">
    <subfield code="a">Familial mediterranean fever</subfield>
  </datafield>
  <datafield tag="653" ind1=" " ind2="4">
    <subfield code="a">Subclinical  inflammation</subfield>
  </datafield>
  <datafield tag="700" ind1="0" ind2=" ">
    <subfield code="a">Nagwa Abdallah Ismail , </subfield>
    <subfield code="e">Supervisor</subfield>
  </datafield>
  <datafield tag="700" ind1="0" ind2=" ">
    <subfield code="a">Samia Salah Eldin Mahmoud , </subfield>
    <subfield code="e">Supervisor</subfield>
  </datafield>
  <datafield tag="700" ind1="0" ind2=" ">
    <subfield code="a">Yomna Mohamed Farag , </subfield>
    <subfield code="e">Supervisor</subfield>
  </datafield>
  <datafield tag="856" ind1=" " ind2=" ">
    <subfield code="u">http://172.23.153.220/th.pdf</subfield>
  </datafield>
  <datafield tag="905" ind1=" " ind2=" ">
    <subfield code="a">Nazla</subfield>
    <subfield code="e">Revisor</subfield>
  </datafield>
  <datafield tag="905" ind1=" " ind2=" ">
    <subfield code="a">Samia</subfield>
    <subfield code="e">Cataloger</subfield>
  </datafield>
  <datafield tag="942" ind1=" " ind2=" ">
    <subfield code="2">ddc</subfield>
    <subfield code="c">TH</subfield>
  </datafield>
  <datafield tag="999" ind1=" " ind2=" ">
    <subfield code="c">60742</subfield>
    <subfield code="d">60742</subfield>
  </datafield>
  <datafield tag="952" ind1=" " ind2=" ">
    <subfield code="2">ddc</subfield>
    <subfield code="7">0</subfield>
    <subfield code="a">CUCL</subfield>
    <subfield code="b">cl210</subfield>
    <subfield code="d">2024-02-11</subfield>
    <subfield code="o">Cai01.11.28.M.Sc.2016.An.I</subfield>
    <subfield code="p">01010110071599000</subfield>
    <subfield code="r">2023-09-22 00:00:00</subfield>
    <subfield code="y">TH</subfield>
  </datafield>
  <datafield tag="952" ind1=" " ind2=" ">
    <subfield code="2">ddc</subfield>
    <subfield code="7">0</subfield>
    <subfield code="a">CUCL</subfield>
    <subfield code="b">cl2u8</subfield>
    <subfield code="d">2024-02-11</subfield>
    <subfield code="o">Cai01.11.28.M.Sc.2016.An.I</subfield>
    <subfield code="p">01020110071599000</subfield>
    <subfield code="r">2023-09-22 00:00:00</subfield>
    <subfield code="t">71599.CD</subfield>
    <subfield code="y">CD</subfield>
  </datafield>
</record>
